00974nam a22002657a 45000010005000000030006000050050017000110080041000280200018000690400029000870500015001160820011001311000027001422450053001692600039002223000044002615050008003055200257003135210010005705210020005805210020006006500025006207000031006457000032006764881FISKH20241022144419.0241022b cb ||||| |||| 00| 0 eng d a9781406341546 aFISKHbengcFISKHdFISKH aPZ7.C82963 a823.92 aBoyce, Frank Cottrell aThe Unforgotten Coat / cby Frank Cottrell Boyce aLondon : bWalker Books ; c2011 . a102 pages : billustrations ;c24 cm .  aR  aWhen two Mongolian brothers inexplicably appear one morning in her sixth grade class, Julie, who lives in a town near Liverpool named Bootle, becomes their new friend and "Good Guide," navigating them through soccer, school uniforms, and British slang.8 a710 8 a710 bLexile 8 aR bRaz-Plus  aimmigrationvfiction aHunter, Carlephotographer aHeneym Clare ephotographer